| 000 | 00862nam a2200265Ia 4500 | ||
|---|---|---|---|
| 003 | OSt | ||
| 005 | 20221005105759.0 | ||
| 006 | a|||||r|||| 00| 0 | ||
| 007 | ta | ||
| 008 | 221004b |||||||| |||| 00| 0 hin d | ||
| 020 | _a8173090300 | ||
| 024 | _a20694 | ||
| 037 |
_bGift, 03/07/2015, _cTextual |
||
| 040 |
_aCRL _cCRL _bhin |
||
| 041 |
_2hin _ahin |
||
| 082 | _aV2y7M84, P2 | ||
| 100 | _aराजेन्द्र प्रसाद | ||
| 245 | 0 | _aआत्मकथा | |
| 246 | _aĀtmakathā | ||
| 260 |
_aनई दिल्ली _bसस्ता साहित्य मण्डल भारत _c2002 |
||
| 300 |
_a904पृ0 _ccm. |
||
| 650 | _aविश्व-इतिहास | ||
| 942 |
_hV2y7M84, P2 _cTEXL _2cc |
||
| 999 |
_c1016885 _d1016885 |
||